[Event "Speed Chess GP1"]
[Site "Chess.com INT"]
[Date "2021.09.18"]
[Round "5"]
[White "Remille, Tristan"]
[Black "Devaev, Alexander"]
[Result "0-1"]
[WhiteElo "2254"]
[BlackElo "2325"]
[PlyCount "128"]
[EventDate "2021.09.18"]
[EventType "swiss (blitz)"]
[EventRounds "10"]
[EventCountry "USA"]
[SourceTitle "CBM 204 Extra"]
[Source "ChessBase"]
[SourceDate "2021.11.30"]
[SourceVersion "1"]
[SourceVersionDate "2021.11.30"]
[SourceQuality "1"]

1. e4 c6 2. d4 d5 3. exd5 cxd5 4. c4 Nf6 5. Nc3 e6 6. Nf3 Bb4 7. Bd3 dxc4 8. Bxc4 0-0 9. 0-0 Nc6 10. Qe2 b6 11. Rd1 Bxc3 12. bxc3 Bb7 13. Bg5 Ne7 14. Ne5 Qd6 15. Bd3 Ng6 16. Bxf6 gxf6 17. Ng4 Kg7 18. Qe3 Qf4 19. Qh3 Qg5 20. Rab1 h5 21. Bxg6 Qxg6 22. Ne3 Rg8 23. Rb5 f5 24. d5 f4 25. Nf1 Bxd5 26. Rbxd5 exd5 27. Nd2 Qg4 28. Nf3 Qxh3 29. gxh3 Kf6+ 30. Kf1 Rad8 31. Rd3 Rge8 32. Nd4 Re4 33. Rd2 Rc8 34. Rd3 Ke5 35. Nf3+ Kd6 36. Nd4 Rc4 37. Kg2 a6 38. Kf3 Kc5 39. Nb3+ Kc6 40. Nd4+ Kb7 41. Nf5 Rc5 42. Nd6+ Kc6 43. Nxe4 dxe4+ 44. Kxe4 Rc4+ 45. Kf3 Ra4 46. Rd8 Rxa2 47. Rc8+ Kb5 48. Rf8 Ra3 49. Rxf7 Rxc3+ 50. Ke4 Rxh3 51. Rxf4 Rxh2 52. Kd5 a5 53. f3 a4 54. Rf8 a3 55. f4 Kb4 56. Ra8 b5 57. f5 Rf2 58. Ke6 Kb3 59. f6 a2 60. f7 Kb2 61. Ra5 b4 62. Rf5 Rxf5 63. Kxf5 a1Q 64. f8Q Qf1+ 0-1

[Event "Speed Chess GP1"]
[Site "Chess.com INT"]
[Date "2021.09.18"]
[Round "4"]
[White "Remille, Tristan"]
[Black "Kucuksari, Kaan"]
[Result "0-1"]
[WhiteElo "2254"]
[BlackElo "2369"]
[PlyCount "168"]
[EventDate "2021.09.18"]
[EventType "swiss (blitz)"]
[EventRounds "10"]
[EventCountry "USA"]
[SourceTitle "CBM 204 Extra"]
[Source "ChessBase"]
[SourceDate "2021.11.30"]
[SourceVersion "1"]
[SourceVersionDate "2021.11.30"]
[SourceQuality "1"]

1. e4 Nf6 2. e5 Nd5 3. d4 d6 4. Nf3 dxe5 5. Nxe5 c6 6. Be2 Bf5 7. 0-0 e6 8. c4 Nf6 9. Nc3 Nbd7 10. Nf3 h6 11. Qb3 Qb6 12. Be3 Be7 13. Rad1 Qxb3 14. axb3 Bc2 15. Rd2 Bxb3 16. Ra1 Nb6 17. Ne5 Nfd7 18. Nxd7 Nxd7 19. d5 cxd5 20. cxd5 0-0 21. dxe6 Bxe6 22. Rxa7 Rxa7 23. Bxa7 b6 24. Bc4 Bxc4 25. Rxd7 Bc5 26. Na4 Bb5 27. Nxc5 Bxd7 28. Nxd7 Ra8 29. Nxb6 Rxa7 30. g3 Rb7 31. Nd5 Rxb2 32. h4 g6 33. Kg2 Kg7 34. Kf3 Rb3+ 35. Kg2 Rd3 36. Nf4 Ra3 37. Nd5 h5 38. Kg1 Kf8 39. Kg2 Ke8 40. Nf4 Ke7 41. Nh3 Kf6 42. Ng5 Ra5 43. Nh3 Kf5 44. Ng5 Kf6 45. Nh3 Rb5 46. Kf3 Rb3+ 47. Kg2 Ra3 48. Ng5 Ra7 49. Nh3 Ke5 50. Ng5 Kf5 51. Nh3 f6 52. Nf4 Ra4 53. Nd5 Ke5 54. Ne3 Ra2 55. Nc4+ Ke4 56. Ne3 f5 57. Nc4 f4 58. Nd6+ Ke5 59. Nf7+ Kf5 60. Ng5 Kg4 61. Ne4 fxg3 62. Nxg3 Kxh4 63. Ne4 Kg4 64. Nc5 Ra5 65. Nb3 Ra4 66. Nc5 Ra3 67. Nd7 Kf5 68. Nc5 g5 69. Nb7 g4 70. Nd6+ Ke5 71. Nf7+ Kf6 72. Nd6 Kg5 73. Ne4+ Kf4 74. Nc5 h4 75. Ne6+ Kf5 76. Nc5 h3+ 77. Kh2 Rf3 78. Kg1 Kf4 79. Ne6+ Ke4 80. Ng5+ Kf4 81. Ne6+ Kf5 82. Nd4+ Ke4 83. Ne6 Kd3 84. Ng5 Ke2 0-1

[Event "Marseille op 9th"]
[Site "Marseille"]
[Date "2016.12.28"]
[Round "5"]
[White "Remille, Tristan"]
[Black "Thejkumar, MS."]
[Result "0-1"]
[WhiteElo "2292"]
[BlackElo "2458"]
[PlyCount "118"]
[EventDate "2016.12.26"]
[EventType "swiss"]
[EventRounds "9"]
[EventCountry "FRA"]
[SourceTitle "CBM 176 Extra"]
[Source "ChessBase"]
[SourceDate "2017.03.02"]
[SourceVersion "1"]
[SourceVersionDate "2017.03.02"]
[SourceQuality "1"]

1. e4 c6 2. d4 d5 3. Nc3 dxe4 4. Nxe4 Bf5 5. Ng3 Bg6 6. Bc4 e6 7. N1e2 Bd6 8. h4 h6 9. Nf4 Bxf4 10. Bxf4 Nf6 11. Qe2 0-0 12. 0-0-0 Nbd7 13. h5 Bh7 14. Bd3 Bxd3 15. Rxd3 a5 16. Ne4 Nxe4 17. Qxe4 Nf6 18. Qe2 Qd5 19. Kb1 Qe4 20. Qd2 Qxg2 21. Qc1 Qe4 22. Re1 Qh7 23. Rg1 Kh8 24. Be5 Nxh5 25. Qd1 f6 26. Bd6 Rfd8 27. Qxh5 Rxd6 28. Qf7 Rad8 29. Qxb7 g5 30. Qb6 Qf5 31. Rh1 Kg7 32. a3 R8d7 33. Qb8 a4 34. Qa8 Qb5 35. Qe8 Rb7 36. b4 axb3 37. Rxb3 Qa6 38. Qh5 Rxb3+ 39. cxb3 Qd3+ 40. Ka2 Qc2+ 41. Ka1 Rxd4 42. Qxh6+ Kf7 43. Qh3 Rd2 44. Qh5+ Ke7 45. Qh7+ Qxh7 46. Rxh7+ Kd6 47. a4 Kc5 48. Rb7 Rxf2 49. a5 Rh2 50. a6 Rh8 51. Kb2 g4 52. Kc3 Ra8 53. a7 g3 54. b4+ Kd6 55. Rg7 g2 56. Rxg2 Rxa7 57. Rd2+ Ke7 58. Rh2 Ra1 59. Rc2 Rd1 0-1

[Event "EU-Cup 27th"]
[Site "Rogaska Slatina"]
[Date "2011.10.01"]
[Round "7"]
[White "Remille, Tristan"]
[Black "Velchev, Hristo"]
[Result "0-1"]
[WhiteElo "2182"]
[BlackElo "2320"]
[PlyCount "88"]
[EventDate "2011.09.25"]
[EventType "team-swiss"]
[EventRounds "7"]
[EventCountry "SLO"]
[SourceTitle "CBM 145"]
[Source "ChessBase"]
[SourceDate "2011.11.11"]
[SourceVersion "1"]
[SourceVersionDate "2011.11.11"]
[SourceQuality "1"]
[WhiteTeam "Marseille"]
[BlackTeam "Naiden Voinov"]
[WhiteTeamCountry "FRA"]
[BlackTeamCountry "BUL"]

1. d4 d5 2. c4 e6 3. Nc3 c5 4. cxd5 exd5 5. Nf3 Nc6 6. g3 Nf6 7. Bg2 Be7 8. 0-0 0-0 9. Bg5 cxd4 10. Nxd4 h6 11. Be3 Re8 12. Rc1 Bg4 13. h3 Be6 14. Nxe6 fxe6 15. f4 Qd7 16. Bf2 Rad8 17. Qa4 Bb4 18. e4 Bxc3 19. bxc3 Nxe4 20. Bxe4 dxe4 21. Rcd1 Qf7 22. Qxe4 Qf5 23. Qc4 Qxh3 24. Rfe1 Rxd1 25. Rxd1 Rc8 26. Rd6 Kf7 27. Qb5 Qf5 28. a4 Kg6 29. Bc5 Kh7 30. Qc4 Re8 31. Rd7 e5 32. Qf7 Qxf7 33. Rxf7 b6 34. Bf2 exf4 35. Rc7 fxg3 36. Bxg3 Re6 37. Bf2 h5 38. c4 Kh6 39. c5 bxc5 40. Bxc5 g5 41. Bxa7 Nxa7 42. Rxa7 h4 43. a5 Kh5 44. Rb7 Re1+ 0-1

[Event "EU-Cup 27th"]
[Site "Rogaska Slatina"]
[Date "2011.09.25"]
[Round "1"]
[White "Gonzalez de la Torre, Santiago"]
[Black "Remille, Tristan"]
[Result "1-0"]
[WhiteElo "2445"]
[BlackElo "2182"]
[PlyCount "59"]
[EventDate "2011.09.25"]
[EventType "team-swiss"]
[EventRounds "7"]
[EventCountry "SLO"]
[SourceTitle "CBM 145"]
[Source "ChessBase"]
[SourceDate "2011.11.11"]
[SourceVersion "1"]
[SourceVersionDate "2011.11.11"]
[SourceQuality "1"]
[WhiteTeam "Taldea Gros Xake"]
[BlackTeam "Marseille"]
[WhiteTeamCountry "ESP"]
[BlackTeamCountry "FRA"]

1. d4 d5 2. c4 c6 3. Nf3 Nf6 4. e3 Bf5 5. Nc3 e6 6. Nh4 Bg6 7. Be2 Nbd7 8. 0-0 Bd6 9. g3 Qe7 10. Qb3 Rb8 11. Rd1 0-0 12. Nxg6 hxg6 13. Bd2 dxc4 14. Bxc4 e5 15. dxe5 Qxe5 16. Be1 g5 17. h3 Bc7 18. Bf1 Qf5 19. Bg2 Nc5 20. Qa3 a6 21. e4 Ncxe4 22. Nxe4 Nxe4 23. Bxe4 Qxe4 24. Rd7 Be5 25. Rad1 Bf6 26. Bc3 Bxc3 27. Qxc3 Qf5 28. Kg2 Rfe8 29. Qf3 Re5 30. Rd8+ 1-0

[Event "Creon op 16th"]
[Site "Creon"]
[Date "2011.08.06"]
[Round "8"]
[White "Remille, Tristan"]
[Black "Song, Julien"]
[Result "0-1"]
[WhiteElo "2193"]
[BlackElo "2336"]
[PlyCount "36"]
[EventDate "2011.08.01"]
[EventType "swiss"]
[EventRounds "9"]
[EventCountry "FRA"]
[SourceTitle "CBM 143 Extra"]
[Source "ChessBase"]
[SourceDate "2011.08.29"]
[SourceVersion "1"]
[SourceVersionDate "2011.08.29"]
[SourceQuality "1"]

1. d4 Nf6 2. c4 e6 3. Nc3 Bb4 4. Nf3 c5 5. g3 Bxc3+ 6. bxc3 Qa5 7. Bg2 cxd4 8. 0-0 dxc3 9. Nd4 0-0 10. Nb3 Qb4 11. c5 d5 12. cxd6 Rd8 13. Bf4 Nc6 14. Qc2 e5 15. Bg5 Rxd6 16. Rad1 Rxd1 17. Rxd1 Be6 18. e3 Nd7 0-1

[Event "Creon op 16th"]
[Site "Creon"]
[Date "2011.08.04"]
[Round "6"]
[White "Remille, Tristan"]
[Black "Navrotescu, Andreea Cristiana"]
[Result "1-0"]
[WhiteElo "2193"]
[BlackElo "1954"]
[PlyCount "55"]
[EventDate "2011.08.01"]
[EventType "swiss"]
[EventRounds "9"]
[EventCountry "FRA"]
[SourceTitle "CBM 143 Extra"]
[Source "ChessBase"]
[SourceDate "2011.08.29"]
[SourceVersion "1"]
[SourceVersionDate "2011.08.29"]
[SourceQuality "1"]

1. d4 Nf6 2. c4 e6 3. Nc3 Bb4 4. Nf3 c5 5. g3 d6 6. dxc5 Bxc3+ 7. bxc3 dxc5 8. Qxd8+ Kxd8 9. Ne5 Ke7 10. Ba3 Nbd7 11. f4 Nxe5 12. Bxc5+ Ke8 13. fxe5 Ne4 14. Ba3 b6 15. Bg2 Bb7 16. 0-0-0 Rb8 17. Bxe4 Bxe4 18. Rhf1 Rc8 19. Rd4 Bc6 20. Bd6 Rd8 21. Kd2 h5 22. a4 Rd7 23. Rb1 Bxa4 24. c5 b5 25. c6 Rd8 26. Rxa4 bxa4 27. Rb7 Rc8 28. Re7+ 1-0

[Event "Saint Affrique op 18th"]
[Site "Saint Affrique"]
[Date "2010.07.28"]
[Round "6"]
[White "Remille, Tristan"]
[Black "Schweitzer, Marc"]
[Result "1-0"]
[WhiteElo "2215"]
[BlackElo "1910"]
[PlyCount "47"]
[EventDate "2010.07.24"]
[EventType "swiss"]
[EventRounds "9"]
[EventCountry "FRA"]
[SourceTitle "CBM 137 Extra"]
[Source "ChessBase"]
[SourceDate "2010.09.01"]
[SourceVersion "1"]
[SourceVersionDate "2010.09.01"]
[SourceQuality "1"]

1. d4 d5 2. c4 e6 3. Nc3 Nf6 4. cxd5 exd5 5. Bg5 Be7 6. Qc2 c6 7. e3 h6 8. Bh4 0-0 9. Bd3 Nbd7 10. Nge2 Re8 11. 0-0 Nf8 12. f3 a6 13. e4 Be6 14. e5 N6d7 15. Bxe7 Qxe7 16. f4 Nb6 17. f5 Bc8 18. f6 Qd8 19. Qd2 Nc4 20. Qf4 g5 21. Qg3 Qd7 22. b3 Nd2 23. Rf4 Ng6 24. Bxg6 1-0

[Event "Marseille op 2nd "]
[Site "Marseille"]
[Date "2009.12.30"]
[Round "9"]
[White "Duquesnoy, Jean Philippe"]
[Black "Remille, Tristan"]
[Result "0-1"]
[WhiteElo "2207"]
[BlackElo "2206"]
[PlyCount "59"]
[EventDate "2009.12.26"]
[EventType "swiss"]
[EventRounds "9"]
[EventCountry "FRA"]
[SourceTitle "CBM 134 Extra"]
[Source "ChessBase"]
[SourceDate "2010.03.03"]
[SourceVersion "1"]
[SourceVersionDate "2010.03.03"]
[SourceQuality "1"]

1. d4 d5 2. c4 c6 3. Nf3 Nf6 4. Nc3 e6 5. e3 Nbd7 6. Qc2 Bd6 7. g4 h6 8. Bd2 dxc4 9. Bxc4 b5 10. Be2 Bb7 11. a3 a6 12. b4 a5 13. Rb1 axb4 14. axb4 Qe7 15. Qb3 e5 16. h3 g6 17. dxe5 Nxe5 18. Nxe5 Qxe5 19. f4 Qe7 20. 0-0 0-0 21. Bf3 Rfd8 22. Bc1 c5 23. bxc5 Bxc5 24. Bxb7 Ra3 25. Qc2 Bxe3+ 26. Kh1 Qxb7+ 27. Qg2 Qxg2+ 28. Kxg2 Rxc3 29. Bb2 Rd2+ 30. Kf3 0-1

[Event "Marseille op 2nd "]
[Site "Marseille"]
[Date "2009.12.28"]
[Round "6"]
[White "Jouet, Philippe"]
[Black "Remille, Tristan"]
[Result "0-1"]
[WhiteElo "1942"]
[BlackElo "2206"]
[PlyCount "63"]
[EventDate "2009.12.26"]
[EventType "swiss"]
[EventRounds "9"]
[EventCountry "FRA"]
[SourceTitle "CBM 134 Extra"]
[Source "ChessBase"]
[SourceDate "2010.03.03"]
[SourceVersion "1"]
[SourceVersionDate "2010.03.03"]
[SourceQuality "1"]

1. d4 d5 2. Nf3 Nf6 3. c4 c6 4. Nc3 e6 5. e3 Nbd7 6. Bd3 dxc4 7. Bxc4 b5 8. Bd3 a6 9. 0-0 c5 10. b3 Bb7 11. Bb2 Bd6 12. Qe2 0-0 13. Rfd1 Qb8 14. h3 Bxf3 15. Qxf3 c4 16. Bc2 b4 17. Ne4 c3 18. Nxf6+ Nxf6 19. Bc1 e5 20. g4 Ra7 21. g5 Nd7 22. a3 g6 23. axb4 exd4 24. exd4 Rc8 25. Qd3 Nb6 26. Rxa6 Rxa6 27. Qxa6 Nd5 28. Re1 Nxb4 29. Qe2 Bh2+ 30. Kh1 Bf4 31. Qe4 Bd2 32. Ba3 0-1

[Event "FRA-chT2 0910"]
[Site "France"]
[Date "2009.12.13"]
[Round "6.3"]
[White "Fantinel, Thibault"]
[Black "Remille, Tristan"]
[Result "1-0"]
[WhiteElo "2145"]
[BlackElo "2106"]
[PlyCount "67"]
[EventDate "2009.09.27"]
[EventType "team-tourn"]
[EventRounds "11"]
[EventCountry "FRA"]
[SourceTitle "EXT 2011"]
[Source "ChessBase"]
[SourceDate "2010.11.26"]
[SourceVersion "1"]
[SourceVersionDate "2010.11.26"]
[SourceQuality "1"]

1. c4 e5 2. g3 Nf6 3. Bg2 c6 4. d4 Bb4+ 5. Bd2 Bxd2+ 6. Qxd2 d6 7. e3 0-0 8. Ne2 Qe7 9. Nbc3 Nbd7 10. 0-0 Nb6 11. b3 Rd8 12. h3 a5 13. a4 d5 14. c5 Nbd7 15. Rac1 b6 16. cxb6 Qb4 17. dxe5 Nxe5 18. Qd4 Qe7 19. f4 Ng6 20. Nd1 Ba6 21. Re1 Rdc8 22. Qc5 Qe8 23. Nd4 Ne4 24. Bxe4 Qxe4 25. Nf2 Qe8 26. e4 dxe4 27. Nxe4 Qd7 28. f5 Nf8 29. Nxc6 Bb7 30. Ne7+ Kh8 31. Nxc8 Rxc8 32. Qd6 Qe8 33. Rxc8 Bxc8 34. Kf2 1-0

[Event "Calvi Balagne op 06th"]
[Site "Calvi"]
[Date "2009.05.02"]
[Round "8"]
[White "Starostits, Ilmars"]
[Black "Remille, Tristan"]
[Result "1-0"]
[WhiteElo "2464"]
[BlackElo "2208"]
[PlyCount "75"]
[EventDate "2009.04.28"]
[EventType "swiss"]
[EventRounds "9"]
[EventCountry "FRA"]
[SourceTitle "CBM 130 Extra"]
[Source "ChessBase"]
[SourceDate "2009.07.02"]
[SourceVersion "2"]
[SourceVersionDate "2009.07.15"]
[SourceQuality "1"]

1. e4 e5 2. Nf3 Nc6 3. c3 Nf6 4. d4 exd4 5. e5 Nd5 6. Qb3 Nb6 7. cxd4 d5 8. Be3 Be7 9. a4 Be6 10. Nbd2 Nc4 11. Be2 0-0 12. 0-0 b6 13. Rad1 N6a5 14. Qc3 Nxe3 15. Qxe3 h6 16. Nb1 c5 17. Nc3 c4 18. Nd2 Qd7 19. Kh1 Rac8 20. f4 f5 21. exf6 Bxf6 22. Nf3 Nc6 23. Ne5 Nxe5 24. dxe5 Be7 25. h3 Kh8 26. Nb5 Bc5 27. Nd4 Qxa4 28. g4 Qb4 29. f5 Bg8 30. g5 Qb3 31. Qxb3 cxb3 32. gxh6 Bxd4 33. hxg7+ Kxg7 34. Rxd4 Rc2 35. f6+ Kf7 36. Bg4 Bh7 37. e6+ Kg8 38. e7 1-0

[Event "FRA-ch Accession"]
[Site "Pau"]
[Date "2008.08.16"]
[Round "5"]
[White "Remille, Tristan"]
[Black "Daurelle, Herve"]
[Result "0-1"]
[WhiteElo "2185"]
[BlackElo "2253"]
[PlyCount "96"]
[EventDate "2008.08.11"]
[EventType "swiss"]
[EventRounds "9"]
[EventCountry "FRA"]
[SourceTitle "CBM 126 Extra"]
[Source "ChessBase"]
[SourceDate "2008.11.05"]
[SourceVersion "1"]
[SourceVersionDate "2008.11.05"]
[SourceQuality "1"]

1. d4 Nf6 2. c4 e6 3. Nf3 c5 4. d5 exd5 5. cxd5 d6 6. Nc3 g6 7. Nd2 Bg7 8. e4 0-0 9. Be2 Na6 10. 0-0 Nc7 11. a4 Nfe8 12. Nc4 f5 13. exf5 Rxf5 14. Bg4 Rf7 15. Bxc8 Rxc8 16. Ra3 Qh4 17. Ne3 Nf6 18. a5 Re8 19. Ra4 Ne4 20. g3 Nxc3 21. bxc3 Qe7 22. Qb3 Qd7 23. Bd2 Re5 24. Rh4 Bf6 25. Rh6 Bg5 26. Nc4 Bxd2 27. Nxd2 Nxd5 28. Rh4 Qe6 29. Qc4 Re1 30. Re4 Rxf1+ 31. Nxf1 Qf6 32. f4 Nxc3 33. Re6 Qd4+ 34. Qxd4 cxd4 35. Rxd6 Rf5 36. Rd7 Rxa5 37. Rxb7 Ra2 38. Rd7 a5 39. g4 Ne2+ 40. Kf2 Nxf4+ 41. Kf3 Ne6 42. Ng3 Ra3+ 43. Kf2 Re3 44. Ra7 Re5 45. Kf3 d3 46. Ne4 Rxe4 47. Kxe4 d2 48. Ra8+ Kf7 0-1

[Event "Saint Affrique op 16th"]
[Site "Saint Affrique"]
[Date "2008.07.21"]
[Round "3"]
[White "Gozzoli, Yannick"]
[Black "Remille, Tristan"]
[Result "1-0"]
[WhiteElo "2502"]
[BlackElo "2185"]
[PlyCount "69"]
[EventDate "2008.07.19"]
[EventType "swiss"]
[EventRounds "9"]
[EventCountry "FRA"]
[SourceTitle "CBM 125 Extra"]
[Source "ChessBase"]
[SourceDate "2008.09.01"]
[SourceVersion "1"]
[SourceVersionDate "2008.09.01"]
[SourceQuality "1"]

1. d4 d5 2. Nf3 Nf6 3. c4 c6 4. Nc3 e6 5. Bg5 Nbd7 6. e3 Qa5 7. cxd5 Nxd5 8. Qd2 Bb4 9. Rc1 h6 10. Bh4 c5 11. Bd3 b6 12. 0-0 Ba6 13. a3 Bxc3 14. bxc3 0-0 15. Bxa6 Qxa6 16. e4 N5f6 17. e5 Nh7 18. d5 Qc4 19. dxe6 Qxe6 20. Rfe1 Rfe8 21. Rcd1 Ndf8 22. Qc2 Qg4 23. h3 Qh5 24. Rd6 Ng5 25. Bxg5 hxg5 26. g4 Qxh3 27. Qf5 Ne6 28. Nxg5 Nxg5 29. Qxg5 Qxc3 30. Re3 Qa1+ 31. Kg2 c4 32. Rh6 Qb1 33. Reh3 Qe4+ 34. Kh2 f6 35. exf6 1-0

[Event "Salon de Provence op 3rd"]
[Site "Salon de Provence"]
[Date "2008.04.17"]
[Round "6"]
[White "Remille, Tristan"]
[Black "Jamme, Jean Pierre"]
[Result "1-0"]
[WhiteElo "2184"]
[BlackElo "1991"]
[PlyCount "155"]
[EventDate "2008.04.14"]
[EventType "swiss"]
[EventRounds "7"]
[EventCountry "FRA"]
[SourceTitle "CBM 123 Extra"]
[Source "ChessBase"]
[SourceDate "2008.05.06"]
[SourceVersion "1"]
[SourceVersionDate "2008.05.06"]
[SourceQuality "1"]

1. d4 d5 2. c4 e6 3. Nc3 Be7 4. cxd5 exd5 5. Bf4 Nf6 6. e3 c6 7. Qc2 Qa5 8. Bd3 Na6 9. Qd2 Nc7 10. Nf3 Bg4 11. Ne5 Bh5 12. 0-0 Ne6 13. a3 Qd8 14. Bf5 Nxf4 15. exf4 Bg6 16. Bh3 Ne4 17. Nxe4 dxe4 18. f5 Bh5 19. Rfe1 f6 20. Nc4 Bf7 21. Rxe4 0-0 22. Rae1 Re8 23. Ne3 Qb6 24. Qc3 Rad8 25. b4 Rd7 26. Ng4 Bd5 27. R4e2 Kf8 28. Qe3 Bf7 29. Nh6 Qxd4 30. Nxf7 Qxe3 31. Rxe3 Kxf7 32. Bg4 Rc7 33. h3 b6 34. Be2 Rd8 35. Re6 Rd4 36. Bh5+ Kf8 37. Bf3 Rd6 38. Rxd6 Bxd6 39. Re6 Be5 40. Bxc6 Kf7 41. Kf1 Re7 42. Ke2 Rxe6 43. Bd5 Ke7 44. fxe6 Bb2 45. a4 Ba3 46. b5 Kd6 47. Bb3 Ke5 48. Kd3 Be7 49. f4+ Kd6 50. Kd4 g5 51. Ke4 Kc7 52. Kf5 Kd6 53. Bc2 Bd8 54. Bd1 Kc5 55. fxg5 fxg5 56. Kg4 Kd5 57. Bb3+ Ke5 58. Kh5 Kf6 59. Kh6 Be7 60. Kxh7 Bf8 61. g4 Be7 62. Kh6 Bf8+ 63. Kh5 Be7 64. Ba2 Kg7 65. Bb3 Bd8 66. Bc2 Be7 67. Bf5 Bd8 68. h4 gxh4 69. g5 Be7 70. Kxh4 Bd8 71. Kg4 Be7 72. Kf4 Kf8 73. g6 Kg7 74. Ke5 Bc5 75. Kd5 Kf6 76. a5 Bf8 77. a6 Kxf5 78. g7 1-0

[Event "Salon de Provence op 3rd"]
[Site "Salon de Provence"]
[Date "2008.04.16"]
[Round "4"]
[White "Remille, Tristan"]
[Black "Pasquali, Dominique"]
[Result "1-0"]
[WhiteElo "2184"]
[BlackElo "1930"]
[PlyCount "59"]
[EventDate "2008.04.14"]
[EventType "swiss"]
[EventRounds "7"]
[EventCountry "FRA"]
[SourceTitle "CBM 123 Extra"]
[Source "ChessBase"]
[SourceDate "2008.05.06"]
[SourceVersion "1"]
[SourceVersionDate "2008.05.06"]
[SourceQuality "1"]

1. e4 c6 2. d4 d5 3. e5 Bf5 4. Be3 e6 5. Nd2 Nd7 6. Nb3 Qc7 7. Nf3 h6 8. Be2 Ne7 9. 0-0 Bh7 10. g4 Ng6 11. Nfd2 Be7 12. f4 Nh4 13. c4 g5 14. cxd5 cxd5 15. Rc1 Qb6 16. Nc5 Nxc5 17. dxc5 Qc6 18. Bd4 gxf4 19. Nf3 Nxf3+ 20. Rxf3 Bg5 21. Qf1 a6 22. Re1 Ke7 23. Rb3 a5 24. Qf2 f6 25. exf6+ Bxf6 26. Bxf6+ Kxf6 27. Rb6 Qc7 28. Qd4+ Qe5 29. g5+ hxg5 30. Rxe6+ 1-0

[Event "Salon de Provence op 3rd"]
[Site "Salon de Provence"]
[Date "2008.04.15"]
[Round "2"]
[White "Riols, Jacques"]
[Black "Remille, Tristan"]
[Result "0-1"]
[WhiteElo "1779"]
[BlackElo "2184"]
[PlyCount "43"]
[EventDate "2008.04.14"]
[EventType "swiss"]
[EventRounds "7"]
[EventCountry "FRA"]
[SourceTitle "CBM 123 Extra"]
[Source "ChessBase"]
[SourceDate "2008.05.06"]
[SourceVersion "1"]
[SourceVersionDate "2008.05.06"]
[SourceQuality "1"]

1. e4 c5 2. Nf3 d6 3. d4 cxd4 4. Nxd4 Nf6 5. Nc3 Nc6 6. Be2 Nxd4 7. Qxd4 g6 8. e5 dxe5 9. Bb5+ Bd7 10. Qxe5 Bg7 11. Be3 0-0 12. Bd4 Bxb5 13. Nxb5 a6 14. Nc7 Ne8 15. Qe4 Qxc7 16. Bxg7 Nxg7 17. 0-0 Rac8 18. c3 Rfd8 19. Qc2 Rd6 20. Rfd1 Rcd8 21. Re1 Rd2 22. Qb3 0-1

[Event "Marseille op"]
[Site "Marseille"]
[Date "2007.12.28"]
[Round "4"]
[White "Prie, Eric"]
[Black "Remille, Tristan"]
[Result "1-0"]
[WhiteElo "2532"]
[BlackElo "2182"]
[PlyCount "63"]
[EventDate "2007.12.27"]
[EventType "swiss"]
[EventRounds "9"]
[EventCountry "FRA"]
[SourceTitle "CBM 122 Extra"]
[Source "ChessBase"]
[SourceDate "2008.03.04"]
[SourceVersion "1"]
[SourceVersionDate "2008.03.04"]
[SourceQuality "1"]

1. d4 d5 2. Bf4 c5 3. e3 Nc6 4. c3 Nf6 5. Nd2 e6 6. Ngf3 Bd6 7. Bg3 Qe7 8. Ne5 Bxe5 9. dxe5 Nd7 10. Qh5 h6 11. Nf3 g6 12. Qg4 Qf8 13. Bb5 Qg7 14. Qa4 0-0 15. Bxc6 bxc6 16. Qxc6 Rb8 17. b3 g5 18. h3 Rb6 19. Qc7 Qg6 20. 0-0 a5 21. c4 dxc4 22. bxc4 Rb4 23. Rfc1 Qe4 24. Nd2 Qd3 25. Nb3 Qe4 26. Nxa5 Ra4 27. Rd1 Rxa5 28. Qxa5 Bb7 29. f3 Qxe3+ 30. Kh1 Bc6 31. Rd6 Nxe5 32. Qe1 1-0

[Event "Marseille op"]
[Site "Marseille"]
[Date "2007.12.28"]
[Round "3"]
[White "Remille, Tristan"]
[Black "Peric, Slavisa"]
[Result "1-0"]
[WhiteElo "2182"]
[BlackElo "2258"]
[PlyCount "76"]
[EventDate "2007.12.27"]
[EventType "swiss"]
[EventRounds "9"]
[EventCountry "FRA"]
[SourceTitle "CBM 122 Extra"]
[Source "ChessBase"]
[SourceDate "2008.03.04"]
[SourceVersion "1"]
[SourceVersionDate "2008.03.04"]
[SourceQuality "1"]

1. e4 e6 2. d4 d5 3. Nd2 c5 4. exd5 exd5 5. Ngf3 Nf6 6. Bb5+ Bd7 7. Qe2+ Be7 8. dxc5 0-0 9. Nb3 Re8 10. Be3 a6 11. Bd3 Bg4 12. 0-0-0 Nbd7 13. h3 Be6 14. Bd4 Rc8 15. Ng5 Bxc5 16. Nxc5 Nxc5 17. Qf3 Nxd3+ 18. Qxd3 g6 19. g4 Ne4 20. Nf3 f6 21. Nh4 Bf7 22. Rhg1 Rc6 23. f3 Nc5 24. Qd2 Nd7 25. Qh6 Re2 26. Rd2 Rxd2 27. Qxd2 Qf8 28. g5 f5 29. Ng2 Nc5 30. Nf4 h5 31. Bc3 Na4 32. Bd4 Kh7 33. Nd3 Nb6 34. b3 Nd7 35. Bb2 Rc8 36. Re1 Nb8 37. Ne5 Nc6 38. Nd7 Qd8 1-0